Countries With the Most Catholics by Continent - Statistics

General Stats
  • This quiz has been taken 112 times
  • The average score is 24 of 36
Answer Stats
Continent Catholics/Capita Answer % Correct
Asia 80.9% Philippines
91%
Europe 100% Vatican City
90%
North America 75.9% Mexico
86%
Oceania 20.0% Australia
85%
South America 74.5% Colombia
81%
Europe 93.8% San Marino
81%
South America 68.8% Venezuela
81%
South America 75% Peru
80%
South America 88.7% Paraguay
78%
South America 73.3% Bolivia
77%
Asia 97.57% East Timor
77%
South America 76.5% Ecuador
77%
North America 59.5% Costa Rica
74%
North America 62.7% Panama
73%
Europe 88.2% Andorra
70%
Europe 82.3% Monaco
69%
Europe 82.6% Malta
68%
Oceania 53.8% Federated States of Micronesia
64%
North America 56.1% Haiti
64%
Oceania 26% Papua New Guinea
64%
Oceania 56.6% Kiribati
62%
Oceania 46.0% Palau
62%
North America 58.1% Dominica
61%
Asia 11.1% South Korea
60%
Europe 80.2% Portugal
56%
Africa 73.5% Sao Tome and Principe
55%
Africa 51.5% Angola
54%
Africa 77.3% Cape Verde
54%
Oceania 32.96% Nauru
54%
North America 61.3% Saint Lucia
51%
Africa 76.2% Seychelles
51%
Asia 28.8% Lebanon
49%
Asia 7.0% Singapore
48%
Africa 80.7% Equatorial Guinea
45%
Africa 62.1% Burundi
44%
Asia 8.9% Bahrain
17%
No matching quizzes found
Score Distribution
Percent of People with Each Score
Percentile by Number Answered
Your Score History
You have not taken this quiz